[Event "Regionalliga SW 1617"]
[Site "Bayern"]
[Date "2017.03.19"]
[Round "7.7"]
[White "Diefenbach, Maximilian"]
[Black "Dirmeier, Carolin"]
[Result "0-1"]
[WhiteElo "1943"]
[BlackElo "1945"]
[PlyCount "86"]
[EventDate "2016.10.16"]
[EventType "team-tourn"]
[EventRounds "9"]
[EventCountry "GER"]
[SourceTitle "EXT 2019"]
[Source "ChessBase"]
[SourceDate "2018.10.10"]
[SourceVersion "1"]
[SourceVersionDate "2018.10.10"]
[SourceQuality "1"]
[WhiteTeam "MSA Zugzwang II"]
[BlackTeam "Bayern Muenchen III"]
[WhiteTeamCountry "GER"]
[BlackTeamCountry "GER"]

1. d4 f5 2. Nf3 Nf6 3. e3 g6 4. b3 Bg7 5. Bb2 d6 6. Bd3 0-0 7. Nbd2 Nc6 8. a3 Qe8 9. Qe2 e5 10. dxe5 dxe5 11. e4 fxe4 12. Nxe4 Nxe4 13. Bxe4 Nd4 14. Nxd4 exd4 15. 0-0-0 c5 16. Rhe1 Qf7 17. Qf3 Qc7 18. Qe2 Kh8 19. Qc4 Rxf2 20. Bf3 Bf5 21. Re2 Rxe2 22. Qxe2 a6 23. g4 Bd7 24. h4 Re8 25. Qg2 b5 26. h5 Rf8 27. Rf1 Qf4+ 28. Kb1 gxh5 29. Bc1 Qe5 30. gxh5 h6 31. Rg1 Bf5 32. Bd5 d3 33. Qxg7+ Qxg7 34. Bb2 dxc2+ 35. Kc1 Rf6 36. Rxg7 Kxg7 37. Bb7 a5 38. b4 axb4 39. axb4 cxb4 40. Bc6 Kf7 41. Bxf6 Kxf6 42. Bxb5 b3 43. Bc4 Be6 0-1

[Event "Regionalliga SW 1617"]
[Site "Bayern"]
[Date "2016.10.16"]
[Round "1.6"]
[White "Diefenbach, Maximilian"]
[Black "Schmidt, Hans"]
[Result "1-0"]
[WhiteElo "1943"]
[BlackElo "2042"]
[PlyCount "103"]
[EventDate "2016.10.16"]
[EventType "team-tourn"]
[EventRounds "9"]
[EventCountry "GER"]
[SourceTitle "EXT 2019"]
[Source "ChessBase"]
[SourceDate "2018.10.10"]
[SourceVersion "1"]
[SourceVersionDate "2018.10.10"]
[SourceQuality "1"]
[WhiteTeam "MSA Zugzwang II"]
[BlackTeam "Garching III"]
[WhiteTeamCountry "GER"]
[BlackTeamCountry "GER"]

1. d4 Nf6 2. Bf4 d5 3. e3 e6 4. Nf3 Bd6 5. Bg5 h6 6. Bh4 c5 7. c3 Nbd7 8. Nbd2 Qc7 9. Bd3 c4 10. Bc2 b5 11. e4 dxe4 12. Nxe4 Nxe4 13. Bxe4 Bb7 14. Bxb7 Qxb7 15. Bg3 Bxg3 16. hxg3 Qe4+ 17. Qe2 Qxe2+ 18. Kxe2 Ke7 19. b3 Rhc8 20. Rhc1 Nb6 21. Nd2 a6 22. bxc4 Nxc4 23. a4 Nd6 24. Kd3 f6 25. Rc2 e5 26. axb5 axb5 27. Re1 Rd8 28. f4 Nf7 29. Nf3 Rd5 30. Rce2 Ke6 31. fxe5 f5 32. Rb1 g5 33. Ke3 Ra3 34. Rc2 Nd8 35. Ne1 Nc6 36. Nd3 b4 37. Nxb4 Nxd4 38. Rcc1 Rd8 39. Ra1 Rxa1 40. Rxa1 f4+ 41. gxf4 gxf4+ 42. Ke4 Ne2 43. Ra6+ Kd7 44. e6+ Ke8 45. Nd5 Rc8 46. Ke5 Nxc3 47. Nxc3 Rxc3 48. Kf6 Rc8 49. Ra7 Kf8 50. Rf7+ Kg8 51. Rg7+ Kh8 52. Rg4 1-0

[Event "Heraklio op-A 15th"]
[Site "Heraklion"]
[Date "2015.09.04"]
[Round "5"]
[White "Diefenbach, Maximilian"]
[Black "Predeftakis, Georgios"]
[Result "1-0"]
[WhiteElo "1934"]
[BlackElo "1673"]
[PlyCount "53"]
[EventDate "2015.09.01"]
[EventType "swiss"]
[EventRounds "7"]
[EventCountry "GRE"]
[SourceTitle "EXT 2024"]
[Source "ChessBase"]
[SourceDate "2023.10.10"]
[SourceVersion "1"]
[SourceVersionDate "2023.10.10"]
[SourceQuality "1"]

1. d4 Nf6 2. Bf4 e6 3. e3 c5 4. Nf3 Nc6 5. c3 a6 6. Bd3 d5 7. Nbd2 cxd4 8. exd4 Bd6 9. Bxd6 Qxd6 10. 0-0 0-0 11. Re1 Re8 12. Ne5 Nxe5 13. dxe5 Qd8 14. exf6 Qxf6 15. Nf3 e5 16. Qa4 Kf8 17. Qb4+ Kg8 18. Qh4 Qxh4 19. Nxh4 e4 20. g3 Bd7 21. Bf1 Re7 22. Rad1 g5 23. Ng2 Be6 24. Ne3 Rd7 25. Rd4 Rad8 26. Red1 Kf8 27. c4 1-0

[Event "Regionalliga SW 1415"]
[Site "Bayern"]
[Date "2015.03.15"]
[Round "8.7"]
[White "Sajka, Mariusz"]
[Black "Diefenbach, Maximilian"]
[Result "1-0"]
[WhiteElo "2195"]
[BlackElo "1943"]
[PlyCount "80"]
[EventDate "2014.10.19"]
[EventType "team-tourn"]
[EventRounds "9"]
[EventCountry "GER"]
[SourceTitle "EXT 2018"]
[Source "ChessBase"]
[SourceDate "2017.10.13"]
[SourceVersion "1"]
[SourceVersionDate "2017.10.13"]
[SourceQuality "1"]
[WhiteTeam "Garching II"]
[BlackTeam "MSA Zugzwang II"]
[WhiteTeamCountry "GER"]
[BlackTeamCountry "GER"]

1. d4 d6 2. c4 e5 3. dxe5 dxe5 4. Qxd8+ Kxd8 5. Nc3 c6 6. Nf3 f6 7. Bd2 Be6 8. e3 Nd7 9. 0-0-0 Kc7 10. Ne4 a5 11. Bc3 Nh6 12. Bd3 Nf7 13. h3 Be7 14. g4 g6 15. Rhg1 Bb4 16. Kc2 Bxc3 17. Kxc3 Rhe8 18. h4 f5 19. gxf5 gxf5 20. Neg5 Nxg5 21. Nxg5 e4 22. Bf1 Nf8 23. Bh3 Re7 24. Nxe6+ Nxe6 25. Bxf5 Nc5 26. Bh3 Rf8 27. Rgf1 Ref7 28. Rd2 Na4+ 29. Kc2 Nc5 30. b3 b5 31. cxb5 cxb5 32. Kc3 Rf6 33. Rd5 Rc6 34. Kd4 Nd3 35. f3 Rd6 36. Rxd6 Kxd6 37. Kxe4 Nc5+ 38. Kd4 a4 39. b4 Na6 40. a3 Rc8 1-0